Click Peninsulas On A Map - Statistics

General Stats
  • This quiz has been taken 810 times
  • The average score is 19 of 20
Answers on the Map
Answers color-coded by a green-red scale on the quiz's map according to % correct below.
 
Answer Stats
Answer % Correct
Horn of Africa
99%
Arabia
98%
Baja California
98%
Florida
98%
Indian Subcontinent
98%
Italian Peninsula
98%
Korean Peninsula
98%
Labrador Peninsula
97%
Balkans
96%
Iberia
96%
Indochina
96%
Brittany
95%
Kamchatka
95%
Anatolia
94%
Fennoscandia
94%
Yucatán Peninsula
94%
Crimea
93%
Sinai
93%
Jutland
91%
Cape York Peninsula
88%
No matching quizzes found
Score Distribution
Percent of People with Each Score
Percentile by Number Answered
Your Score History
You have not taken this quiz